| 000 | 00446nam a22001817a 4500 | ||
|---|---|---|---|
| 003 | MPLRDC | ||
| 005 | 20220104144109.0 | ||
| 008 | 210129b ||||| |||| 00| 0 eng d | ||
| 020 | _a7-02-003445-4 | ||
| 082 | _a857.4577 THM-2 v.1 | ||
| 100 | _a唐浩明 | ||
| 245 |
_a张之洞. 上卷 _c |
||
| 250 | _a初版 | ||
| 260 |
_a中国 _b人民文学出版社 _c2001 |
||
| 300 | _b591 | ||
| 650 | _a历史小说 | ||
| 942 |
_cBK _o857.4577 THM-2 v.1 |
||
| 999 |
_c46325 _d46315 |
||